000 00341nam a2200133Ia 4500
005 20260328104253.0
008 260328s9999||||xx |||||||||||||| ||und||
100 _aBlanco, Ricardo
245 0 _aDiseño Industrial argentino /
_cRicardo Blanco
260 _bFranz Viegener
300 _a259 p.
650 _aDISEÑO INDUSTRIAL
942 _cBK
999 _c10309
_d10309